00538 2200181 4500001002100000008004100021035002000062245009500082100001500177700001700192260003100209300002700240020002200267084001700289082001100306650002700317990001200344INLIS000000000016153 ind  a0010-0423000170 aJodohcA.A. Navis;penyunting penyelia, Pamusuk Eneste; penyunting naskah, Tri Marganingsih aA A, Navis aMARGANINGSIH aJakarta :bGrasindo,c2018 avii, 125 hal..c21 cm. a978-602-050-359-2 a808.83 NAV j a808.83 aCERITA PENDEK-KUMPULAN a10983 a